[Event "NZL-ch op 127th"]
[Site "Tauranga"]
[Date "2020.01.22"]
[Round "9"]
[White "Pinic, Noel"]
[Black "Garbett, Paul Anthony"]
[Result "0-1"]
[WhiteElo "2054"]
[BlackElo "2185"]
[PlyCount "100"]
[EventDate "2020.01.14"]
[EventType "swiss"]
[EventRounds "9"]
[EventCountry "NZL"]
[SourceTitle "CBM 194 Extra"]
[Source "ChessBase"]
[SourceDate "2020.03.31"]
[SourceVersion "1"]
[SourceVersionDate "2020.03.31"]
[SourceQuality "1"]

1. Nc3 c5 2. e4 a6 3. a4 Nc6 4. f4 g6 5. Nf3 Bg7 6. Bc4 e6 7. 0-0 Nge7 8. d3 d5 9. Bb3 0-0 10. Qe1 Rb8 11. Qh4 f5 12. e5 b5 13. axb5 axb5 14. Ne2 c4 15. Ba2 Ra8 16. Be3 Nb4 17. Bc5 Nec6 18. Bxf8 Qxh4 19. Nxh4 Bxf8 20. dxc4 bxc4 21. c3 Nc2 22. Rac1 Bc5+ 23. Kh1 Ne3 24. Rfe1 Ng4 25. g3 Rxa2 26. Rb1 Nf2+ 27. Kg2 Nd3 28. Red1 g5 29. Nf3 g4 30. Ne1 Nf2 31. Rd2 Bb7 32. Nc1 Ne4 33. Nxa2 Nxd2 34. Rd1 Nb3 35. h3 d4 36. Kh2 d3 37. Nxd3 cxd3 38. Rxd3 Bc8 39. Nb4 Bxb4 40. cxb4 Nbd4 41. hxg4 fxg4 42. Kg2 Kf7 43. Kf2 Ke7 44. Ke3 Nc2+ 45. Kf2 N2xb4 46. Rd1 Ba6 47. Ke3 Nd5+ 48. Kf2 Ncb4 49. Rd4 Bd3 50. b3 Kd7 0-1

[Event "NZL-ch op 127th"]
[Site "Tauranga"]
[Date "2020.01.21"]
[Round "8"]
[White "Cilia Vincenti, David"]
[Black "Pinic, Noel"]
[Result "0-1"]
[WhiteElo "2070"]
[BlackElo "2054"]
[PlyCount "96"]
[EventDate "2020.01.14"]
[EventType "swiss"]
[EventRounds "9"]
[EventCountry "NZL"]
[SourceTitle "CBM 194 Extra"]
[Source "ChessBase"]
[SourceDate "2020.03.31"]
[SourceVersion "1"]
[SourceVersionDate "2020.03.31"]
[SourceQuality "1"]

1. d4 Nc6 2. c4 e5 3. d5 Nce7 4. Nc3 Nf6 5. e4 Ng6 6. g3 Bc5 7. Bg2 0-0 8. h3 d6 9. Nge2 a5 10. 0-0 Bd7 11. Kh2 h5 12. Qc2 h4 13. Nd1 Nh5 14. Be3 Bxe3 15. Nxe3 Qg5 16. Nf5 Bxf5 17. exf5 Ne7 18. Be4 g6 19. gxh4 Qxh4 20. Rg1 Nf4 21. Nxf4 Qxf4+ 22. Rg3 Kg7 23. Rag1 Rh8 24. Kg2 Rh4 25. Re1 Rah8 26. Ree3 R8h5 27. Rgf3 Qg5+ 28. Kf1 Rf4 29. Rg3 Qh4 30. fxg6 f5 31. Bd3 Rg5 32. Kg2 Nxg6 33. Rxg5 Qxg5+ 34. Rg3 Qf6 35. Qd2 b6 36. Qe2 Qh4 37. Qc2 Kf6 38. Qa4 Rxf2+ 39. Kxf2 f4 40. Bxg6 Qxg3+ 41. Ke2 Qg2+ 42. Kd1 Qf3+ 43. Kc2 Kxg6 44. Qe8+ Kf5 45. Qf7+ Ke4 46. Qxc7 Qe2+ 47. Kb3 f3 48. Qxd6 Qd3+ 0-1

[Event "NZL-ch op 127th"]
[Site "Tauranga"]
[Date "2020.01.20"]
[Round "7"]
[White "Pinic, Noel"]
[Black "Findlay, Ian T"]
[Result "1-0"]
[WhiteElo "2054"]
[BlackElo "1681"]
[PlyCount "35"]
[EventDate "2020.01.14"]
[EventType "swiss"]
[EventRounds "9"]
[EventCountry "NZL"]
[SourceTitle "CBM 194 Extra"]
[Source "ChessBase"]
[SourceDate "2020.03.31"]
[SourceVersion "1"]
[SourceVersionDate "2020.03.31"]
[SourceQuality "1"]

1. e4 c5 2. Nc3 d6 3. f4 Nc6 4. Nf3 e6 5. Bb5 a6 6. Bxc6+ bxc6 7. 0-0 Ne7 8. d3 g6 9. Bd2 Bg7 10. Rb1 0-0 11. Qe1 d5 12. Kh1 d4 13. Na4 Qd6 14. e5 Qb8 15. Nxc5 Nd5 16. Nxd4 Qb6 17. Ndb3 Bb7 18. Nd7 1-0

[Event "NZL-ch op 127th"]
[Site "Tauranga"]
[Date "2020.01.19"]
[Round "6"]
[White "Clarke, Brandon GI"]
[Black "Pinic, Noel"]
[Result "1-0"]
[WhiteElo "2438"]
[BlackElo "2054"]
[PlyCount "115"]
[EventDate "2020.01.14"]
[EventType "swiss"]
[EventRounds "9"]
[EventCountry "NZL"]
[SourceTitle "CBM 194 Extra"]
[Source "ChessBase"]
[SourceDate "2020.03.31"]
[SourceVersion "1"]
[SourceVersionDate "2020.03.31"]
[SourceQuality "1"]

1. e4 c6 2. Ne2 e5 3. d4 Nf6 4. Nbc3 exd4 5. Qxd4 d5 6. exd5 Nxd5 7. Nxd5 Qxd5 8. Qxd5 cxd5 9. Be3 Be6 10. 0-0-0 Nc6 11. Nd4 Bc5 12. g3 0-0-0 13. Bg2 Rhe8 14. h3 h6 15. c3 Bb6 16. Rd2 Rd7 17. Rhd1 Nxd4 18. Bxd4 Bxd4 19. Rxd4 Red8 20. Kd2 Kc7 21. Re1 Rd6 22. g4 h5 23. gxh5 Rh8 24. Bf3 Bxh3 25. Re7+ Rd7 26. Rxd7+ Bxd7 27. Rxd5 g6 28. hxg6 fxg6 29. Rc5+ Kb8 30. Be4 Rf8 31. Ke3 Re8 32. Kd4 Re6 33. Rg5 Rb6 34. b3 Ra6 35. a4 Rb6 36. Bc2 Rf6 37. Ke3 Bc6 38. f4 Be8 39. Be4 Rb6 40. Bd5 Bd7 41. Kd4 Kc7 42. Ke5 Bf5 43. Rg2 Rd6 44. c4 Rd7 45. Rh2 a5 46. b4 axb4 47. Rb2 b6 48. Rxb4 Bc2 49. Kd4 Rd6 50. a5 bxa5 51. Rb7+ Kc8 52. Ra7 a4 53. c5 Rf6 54. c6 Bb3 55. Bg2 Rxf4+ 56. Ke5 Rf7 57. Bh3+ Rf5+ 58. Bxf5+ 1-0

[Event "Auckland Morrison Memorial"]
[Site "Auckland"]
[Date "2012.10.21"]
[Round "5"]
[White "Pinic, Noel"]
[Black "Gibbons, Robert"]
[Result "1-0"]
[WhiteElo "2092"]
[BlackElo "1974"]
[PlyCount "75"]
[EventDate "2012.10.19"]
[EventType "swiss"]
[EventRounds "6"]
[EventCountry "NZL"]
[SourceTitle "EXT 2018"]
[Source "ChessBase"]
[SourceDate "2017.10.13"]
[SourceVersion "1"]
[SourceVersionDate "2017.10.13"]
[SourceQuality "1"]

1. Nf3 Nf6 2. d4 g6 3. Nc3 d5 4. Bg5 Bg7 5. Bxf6 Bxf6 6. e4 dxe4 7. Nxe4 Bg7 8. Bc4 0-0 9. h3 b6 10. c3 Ba6 11. Bb3 Nd7 12. Qc2 c5 13. dxc5 Nxc5 14. Nxc5 bxc5 15. Rd1 Qc7 16. c4 Bb7 17. 0-0 Bxf3 18. gxf3 Bd4 19. Kg2 Qe5 20. Rfe1 Qg5+ 21. Kf1 Qh4 22. Kg2 Rad8 23. Re4 Qf6 24. Rde1 Bxb2 25. R1e2 Bd4 26. Rxe7 a6 27. Qc1 Rd6 28. Ba4 Re6 29. R7xe6 fxe6 30. Bc6 Rb8 31. Rxe6 Qf5 32. Bd5 Kh8 33. Rxa6 g5 34. Qe1 Qc2 35. Re6 Rb2 36. Re8+ Kg7 37. Rg8+ Kh6 38. Qe6+ 1-0

[Event "Auckland Morrison Memorial"]
[Site "Auckland"]
[Date "2012.10.20"]
[Round "2"]
[White "Goodhue, Nathan"]
[Black "Pinic, Noel"]
[Result "1/2-1/2"]
[WhiteElo "1990"]
[BlackElo "2092"]
[PlyCount "43"]
[EventDate "2012.10.19"]
[EventType "swiss"]
[EventRounds "6"]
[EventCountry "NZL"]
[SourceTitle "EXT 2018"]
[Source "ChessBase"]
[SourceDate "2017.10.13"]
[SourceVersion "1"]
[SourceVersionDate "2017.10.13"]
[SourceQuality "1"]

1. b3 e5 2. Bb2 Nc6 3. g3 Bc5 4. Bg2 Nf6 5. e3 0-0 6. Ne2 d6 7. h3 Re8 8. 0-0 Bf5 9. d4 exd4 10. Nxd4 Nxd4 11. exd4 Bb6 12. Nc3 c6 13. d5 Nxd5 14. Nxd5 cxd5 15. Qxd5 Bxc2 16. Rfe1 Bc5 17. b4 Bb6 18. Qxb7 Qg5 19. Qc6 Bxf2+ 20. Kxf2 Qd2+ 21. Kf3 Qd3+ 22. Kf2 1/2-1/2

[Event "Auckland Morrison Memorial"]
[Site "Auckland"]
[Date "2012.10.20"]
[Round "3"]
[White "Pinic, Noel"]
[Black "Koop, Thorben"]
[Result "1/2-1/2"]
[WhiteElo "2092"]
[BlackElo "2165"]
[PlyCount "58"]
[EventDate "2012.10.19"]
[EventType "swiss"]
[EventRounds "6"]
[EventCountry "NZL"]
[SourceTitle "EXT 2018"]
[Source "ChessBase"]
[SourceDate "2017.10.13"]
[SourceVersion "1"]
[SourceVersionDate "2017.10.13"]
[SourceQuality "1"]

1. Nf3 Nf6 2. d4 g6 3. Nc3 Bg7 4. e4 0-0 5. Bf4 c6 6. Qd2 d5 7. exd5 cxd5 8. Bh6 Nc6 9. Bxg7 Kxg7 10. 0-0-0 Bg4 11. Be2 Rc8 12. Ne5 Bf5 13. f3 Nb4 14. a3 Qa5 15. axb4 Qa1+ 16. Nb1 Rxc2+ 17. Qxc2 Bxc2 18. Kxc2 Qa4+ 19. Kc1 Rc8+ 20. Nc3 Qxb4 21. Rd3 Nh5 22. g3 f6 23. Ng4 e6 24. Ne3 Qa5 25. Kb1 f5 26. Nc2 Nf6 27. Re3 Kf7 28. Re1 a6 29. Bf1 Rc6 1/2-1/2

[Event "George Trundle Qualifiers"]
[Site "Auckland"]
[Date "2012.10.07"]
[Round "9"]
[White "Duneas, John"]
[Black "Pinic, Noel"]
[Result "1-0"]
[WhiteElo "2089"]
[BlackElo "2087"]
[PlyCount "43"]
[EventDate "2012.09.29"]
[EventType "tourn"]
[EventRounds "9"]
[EventCountry "NZL"]
[SourceTitle "EXT 2018"]
[Source "ChessBase"]
[SourceDate "2017.10.13"]
[SourceVersion "1"]
[SourceVersionDate "2017.10.13"]
[SourceQuality "1"]

1. d4 Nf6 2. Nf3 g6 3. c4 Bg7 4. Nc3 c5 5. d5 0-0 6. g3 d6 7. Bg2 Na6 8. 0-0 Bd7 9. e4 Nc7 10. a4 Na6 11. Re1 Nb4 12. h3 Qc8 13. Kh2 Nh5 14. e5 dxe5 15. Nxe5 Bf5 16. g4 Bc2 17. Qd2 Qb8 18. f4 Nf6 19. Na2 Bb3 20. Nxb4 cxb4 21. Qxb4 Bc2 22. Qc3 1-0

[Event "George Trundle Qualifiers"]
[Site "Auckland"]
[Date "2012.10.05"]
[Round "7"]
[White "Thornton, Giovanni Antonio"]
[Black "Pinic, Noel"]
[Result "1-0"]
[WhiteElo "2142"]
[BlackElo "2087"]
[PlyCount "127"]
[EventDate "2012.09.29"]
[EventType "tourn"]
[EventRounds "9"]
[EventCountry "NZL"]
[SourceTitle "EXT 2018"]
[Source "ChessBase"]
[SourceDate "2017.10.13"]
[SourceVersion "1"]
[SourceVersionDate "2017.10.13"]
[SourceQuality "1"]

1. Nf3 Nf6 2. c4 e6 3. g3 d5 4. d4 Bb4+ 5. Bd2 Bxd2+ 6. Nbxd2 0-0 7. Bg2 Nbd7 8. 0-0 c5 9. e3 Rb8 10. Rc1 cxd4 11. Nxd4 Ne5 12. Qb3 Bd7 13. cxd5 exd5 14. Rfd1 Qa5 15. Qc3 Qb6 16. N4b3 Rfe8 17. Qd4 Bg4 18. f3 Bd7 19. Qxb6 axb6 20. Bf1 Ra8 21. a3 Ba4 22. Kf2 Nfd7 23. Re1 Rac8 24. Rxc8 Rxc8 25. Rc1 Nc5 26. Rc3 Bxb3 27. Nxb3 Rc6 28. Nd4 Rf6 29. Kg2 g6 30. Be2 Kg7 31. b4 Ne6 32. f4 Nc4 33. Nb5 Nd8 34. Nc7 Rc6 35. Nxd5 b5 36. a4 Rd6 37. axb5 Rxd5 38. Bxc4 Rd2+ 39. Kg1 Rb2 40. Rb3 Rc2 41. Bd3 Rd2 42. Be4 f5 43. Rd3 Rxd3 44. Bxd3 b6 45. Kf2 Ne6 46. Bc4 Nc7 47. Kf3 Kf6 48. e4 h6 49. e5+ Ke7 50. Ke3 Ke8 51. h3 g5 52. fxg5 hxg5 53. h4 f4+ 54. gxf4 gxh4 55. Bf1 Kf7 56. f5 Kg7 57. Ke4 Kh6 58. Kf4 Nd5+ 59. Ke4 Nxb4 60. e6 Kg7 61. Ke5 Nc2 62. f6+ Kf8 63. e7+ Ke8 64. Bd3 1-0

[Event "George Trundle Qualifiers"]
[Site "Auckland"]
[Date "2012.10.02"]
[Round "4"]
[White "Koop, Thorben"]
[Black "Pinic, Noel"]
[Result "1-0"]
[WhiteElo "2127"]
[BlackElo "2087"]
[PlyCount "88"]
[EventDate "2012.09.29"]
[EventType "tourn"]
[EventRounds "9"]
[EventCountry "NZL"]
[SourceTitle "EXT 2018"]
[Source "ChessBase"]
[SourceDate "2017.10.13"]
[SourceVersion "1"]
[SourceVersionDate "2017.10.13"]
[SourceQuality "1"]

1. e4 c5 2. Nc3 Nc6 3. f4 d6 4. Nf3 g6 5. Bc4 Bg7 6. 0-0 e6 7. d3 Na5 8. Bb5+ Bd7 9. f5 Bxc3 10. Bxd7+ Qxd7 11. fxe6 fxe6 12. bxc3 0-0-0 13. Ng5 Nh6 14. Nxe6 Qxe6 15. Bxh6 Rhg8 16. h4 Nc6 17. Bf4 Rdf8 18. Qe2 Re8 19. Qf3 Rgf8 20. Qg3 Kd7 21. Rab1 b6 22. a4 Rf7 23. Bh6 Ree7 24. Rfe1 Kc7 25. Bf4 Rd7 26. Rbd1 Kb7 27. d4 cxd4 28. cxd4 Qc4 29. c3 Qxa4 30. Bxd6 Qa2 31. e5 Rf5 32. d5 Nxe5 33. Rxe5 Qa4 34. Rde1 Rxe5 35. Qxe5 Qxh4 36. Be7 Qc4 37. d6 Kc6 38. Re3 a5 39. Qf6 b5 40. Qf3+ Qd5 41. Re4 Kb7 42. Bf8 Ka6 43. Be7 h5 44. Qe3 Kb7 1-0

[Event "George Trundle Qualifiers"]
[Site "Auckland"]
[Date "2012.10.01"]
[Round "3"]
[White "Pinic, Noel"]
[Black "Goodhue, Nathan"]
[Result "0-1"]
[WhiteElo "2087"]
[BlackElo "1990"]
[PlyCount "102"]
[EventDate "2012.09.29"]
[EventType "tourn"]
[EventRounds "9"]
[EventCountry "NZL"]
[SourceTitle "EXT 2018"]
[Source "ChessBase"]
[SourceDate "2017.10.13"]
[SourceVersion "1"]
[SourceVersionDate "2017.10.13"]
[SourceQuality "1"]

1. Nc3 g6 2. d4 Bg7 3. Nf3 d6 4. h3 a6 5. e4 b5 6. Bd3 Nd7 7. 0-0 e6 8. Bg5 Ne7 9. Qd2 h6 10. Bh4 c6 11. d5 cxd5 12. exd5 Bxc3 13. Qxc3 e5 14. Qb4 Nb6 15. c4 g5 16. Bg3 bxc4 17. Bxc4 Nxc4 18. Qxc4 Bb7 19. Rad1 Ng6 20. Rfe1 0-0 21. Nd2 f5 22. f3 Qd7 23. Bf2 Nf4 24. Nb1 Rfc8 25. Qb3 a5 26. Nc3 Ba6 27. Na4 Rab8 28. Qa3 Rc2 29. Re3 Rb4 30. b3 g4 31. fxg4 fxg4 32. Rc1 Rxc1+ 33. Qxc1 Ne2+ 34. Rxe2 Bxe2 35. Qxh6 gxh3 36. gxh3 Qg7+ 37. Qxg7+ Kxg7 38. Be1 Rd4 39. Bxa5 Rxd5 40. Bb4 Ba6 41. Nc3 Rd3 42. Kf2 d5 43. h4 Kf6 44. Ba5 Kf5 45. Na4 Rh3 46. b4 Rh2+ 47. Ke1 Rxa2 48. Nc3 Ra1+ 49. Kd2 d4 50. Nd5 Ra2+ 51. Kc1 Bc4 0-1

[Event "George Trundle Qualifiers"]
[Site "Auckland"]
[Date "2012.09.30"]
[Round "2"]
[White "King, Mathew"]
[Black "Pinic, Noel"]
[Result "1/2-1/2"]
[WhiteElo "1968"]
[BlackElo "2087"]
[PlyCount "78"]
[EventDate "2012.09.29"]
[EventType "tourn"]
[EventRounds "9"]
[EventCountry "NZL"]
[SourceTitle "EXT 2018"]
[Source "ChessBase"]
[SourceDate "2017.10.13"]
[SourceVersion "1"]
[SourceVersionDate "2017.10.13"]
[SourceQuality "1"]

1. e4 c6 2. d4 d5 3. e5 Bf5 4. Nf3 e6 5. Be2 c5 6. 0-0 Nc6 7. Be3 Qb6 8. Nc3 c4 9. b3 Qa5 10. Bd2 Bb4 11. Nb1 cxb3 12. cxb3 Nge7 13. a3 Bxd2 14. Qxd2 Qb6 15. Nc3 a6 16. b4 0-0 17. h3 Rac8 18. Na4 Qa7 19. Nc5 Rc7 20. g4 Bg6 21. Nh4 Nb8 22. Nxg6 hxg6 23. Rac1 b6 24. Nb3 Rfc8 25. Rxc7 Qxc7 26. Rc1 Qd7 27. Rxc8+ Qxc8 28. a4 Qd7 29. b5 axb5 30. axb5 Qc7 31. Bd3 Nd7 32. Qb4 Nc8 33. Kg2 g5 34. Qd2 f6 35. exf6 gxf6 36. h4 Qd8 37. hxg5 fxg5 38. Qe3 Kf7 39. Nd2 Qg8 1/2-1/2

[Event "North Shore op-A 38th"]
[Site "North Shore"]
[Date "2012.09.23"]
[Round "5"]
[White "Pinic, Noel"]
[Black "Li, Zuhao Luke"]
[Result "1/2-1/2"]
[WhiteElo "2087"]
[BlackElo "2249"]
[PlyCount "83"]
[EventDate "2012.09.22"]
[EventType "swiss"]
[EventRounds "5"]
[EventCountry "NZL"]
[SourceTitle "EXT 2018"]
[Source "ChessBase"]
[SourceDate "2017.10.13"]
[SourceVersion "1"]
[SourceVersionDate "2017.10.13"]
[SourceQuality "1"]

1. e4 e6 2. d4 d5 3. exd5 exd5 4. Nc3 Nc6 5. Nf3 Nf6 6. Be2 Be7 7. 0-0 0-0 8. Bf4 Ne4 9. Ne5 Nxc3 10. bxc3 Nxe5 11. Bxe5 Bd6 12. Bxd6 Qxd6 13. Bd3 c5 14. Qf3 c4 15. Bf5 Qf6 16. Bg4 Bxg4 17. Qxg4 Rfe8 18. Rfe1 Qg6 19. Qd7 Qc6 20. Qxc6 bxc6 21. Rxe8+ Rxe8 22. Rb1 Kf8 23. Kf1 f6 24. a4 Re7 25. Rb8+ Re8 26. Rb4 Kf7 27. a5 Ke6 28. Ke2 Kd6+ 29. Kd2 Kc7 30. Kc1 h5 31. Kb2 g5 32. h3 f5 33. g3 f4 34. gxf4 gxf4 35. Kc1 h4 36. a6 Rb8 37. Rxb8 Kxb8 38. Kd2 Kc7 39. Ke2 Kb6 40. Kf3 Kxa6 41. Kxf4 Kb6 42. Kg5 1/2-1/2

[Event "Hamilton Waikato op"]
[Site "Hamilton"]
[Date "2012.08.03"]
[Round "1"]
[White "Dolejs, Dan E"]
[Black "Pinic, Noel"]
[Result "0-1"]
[WhiteElo "1873"]
[BlackElo "2086"]
[PlyCount "101"]
[EventDate "2012.08.03"]
[EventType "swiss"]
[EventRounds "6"]
[EventCountry "NZL"]
[SourceTitle "EXT 2018"]
[Source "ChessBase"]
[SourceDate "2017.10.13"]
[SourceVersion "1"]
[SourceVersionDate "2017.10.13"]
[SourceQuality "1"]

1. b4 e5 2. a3 a5 3. Bb2 axb4 4. axb4 Rxa1 5. Bxa1 Bxb4 6. Bxe5 Nf6 7. c3 Bc5 8. d4 Bb6 9. Nf3 0-0 10. e3 Nc6 11. Bc4 d6 12. Bg3 Bg4 13. Nbd2 Re8 14. 0-0 Qd7 15. Bb5 Ra8 16. Nc4 Nd5 17. Nxb6 Nxb6 18. d5 Bxf3 19. Qxf3 Ne5 20. Qe2 Qe7 21. f4 Ned7 22. Rd1 Nc5 23. Qe1 Ra2 24. Bh4 Qe4 25. Bf1 Nxd5 26. Bd8 Ne6 27. Bh4 Nxe3 28. Bf2 Rxf2 29. Qxf2 Nxd1 30. Qd2 Qe3+ 31. Qxe3 Nxe3 32. Be2 Nxf4 33. Bf3 b5 34. Kf2 Nf5 35. Bc6 b4 36. Be4 Ne7 37. cxb4 f5 38. Bc2 Nfd5 39. Bb3 Kf7 40. b5 Kf6 41. Bc4 Ke5 42. Ke1 Kd4 43. Bf1 Ne3 44. Be2 Nxg2+ 45. Kf2 Nf4 46. Bf1 Ned5 47. Kf3 g5 48. h3 Nxh3 49. Kg3 Nhf4 50. Kf3 Ne3 51. b6 0-1

[Event "North Island-ch rapid"]
[Site "Auckland"]
[Date "2012.07.15"]
[Round "3"]
[White "Pinic, Noel"]
[Black "Hague, Ben"]
[Result "1-0"]
[WhiteElo "2148"]
[BlackElo "2376"]
[PlyCount "83"]
[EventDate "2012.07.15"]
[EventType "swiss (rapid)"]
[EventRounds "6"]
[EventCountry "NZL"]
[SourceTitle "EXT 2018"]
[Source "ChessBase"]
[SourceDate "2017.10.13"]
[SourceVersion "1"]
[SourceVersionDate "2017.10.13"]
[SourceQuality "1"]

1. d4 e6 2. e4 d5 3. e5 c5 4. c3 Nc6 5. Nf3 Qb6 6. a3 f6 7. Bd3 fxe5 8. dxe5 Nh6 9. b4 Qc7 10. 0-0 Nxe5 11. Nxe5 Qxe5 12. Re1 Qf6 13. Qh5+ Nf7 14. Qxd5 Bd6 15. Bb5+ Kf8 16. bxc5 Be7 17. Qd4 e5 18. Qe3 Bf5 19. Nd2 Rc8 20. c6 bxc6 21. Ba6 Rd8 22. Qxa7 g6 23. Nc4 Kg7 24. Qe3 Ra8 25. Bb7 Rab8 26. Qa7 Qe6 27. Na5 Qd7 28. Be3 c5 29. Qa6 Qc7 30. Bd5 Rhd8 31. Bxf7 Kxf7 32. Nc6 Rd6 33. Nxe5+ Kg7 34. Qa4 Bf6 35. Bf4 Re6 36. Nxg6 Qb7 37. Bxb8 hxg6 38. Qa7 Qxa7 39. Bxa7 Ra6 40. Bxc5 Bxc3 41. Re7+ Kf6 42. Rc1 1-0

[Event "Oceania zt"]
[Site "Rotorua"]
[Date "2011.01.28"]
[Round "6"]
[White "Pinic, Noel"]
[Black "Nyberg, Michael"]
[Result "1-0"]
[WhiteElo "2058"]
[BlackElo "1969"]
[PlyCount "135"]
[EventDate "2011.01.25"]
[EventType "swiss"]
[EventRounds "9"]
[EventCountry "NZL"]
[SourceTitle "CBM 140 Extra"]
[Source "ChessBase"]
[SourceDate "2011.03.01"]
[SourceVersion "1"]
[SourceVersionDate "2011.03.01"]
[SourceQuality "1"]

1. e4 e5 2. Nf3 Nc6 3. Bc4 Be7 4. 0-0 Nf6 5. Nc3 d6 6. h3 0-0 7. d4 exd4 8. Nxd4 Ne5 9. Bb3 c5 10. Nf3 c4 11. Nxe5 cxb3 12. Nf3 bxc2 13. Qxc2 Be6 14. Bf4 Rc8 15. Rfd1 Qb6 16. Rd4 h6 17. Qd2 Rfd8 18. Rd1 Ne8 19. Be3 Qc6 20. Nd5 Bf8 21. Rb4 Qa6 22. b3 b6 23. Nd4 Qb7 24. Nf5 Bxd5 25. exd5 Qd7 26. Rf4 Kh8 27. Bd4 f6 28. Nh4 Qf7 29. Rf5 Rd7 30. Bc3 Rdc7 31. Rf3 Qh5 32. Nf5 b5 33. Re1 Qg6 34. Nd4 a6 35. Rg3 Qh5 36. Ne6 Rf7 37. Qd3 Kg8 38. Nf4 Rxc3 39. Qxc3 Qf5 40. Qd2 Nc7 41. Ng6 Qxd5 42. Qxd5 Nxd5 43. Re8 Nc7 44. Rc8 Ne6 45. h4 h5 46. Re3 Kh7 47. Rxe6 Kxg6 48. Ree8 Be7 49. Rc7 Bf8 50. Rxf7 Kxf7 51. Ra8 d5 52. Rxa6 d4 53. Kf1 d3 54. a4 bxa4 55. bxa4 Bb4 56. Rb6 d2 57. Ke2 Bc5 58. Rb1 g6 59. a5 Ke6 60. a6 Ba7 61. Kxd2 Bxf2 62. Rb7 Kf5 63. Ke2 Bg1 64. Kf3 g5 65. hxg5 fxg5 66. a7 g4+ 67. Kg3 Kg5 68. Rb5+ 1-0

[Event "Oceania zt"]
[Site "Rotorua"]
[Date "2011.01.25"]
[Round "1"]
[White "Antoniazzi, Francesco"]
[Black "Pinic, Noel"]
[Result "0-1"]
[WhiteElo "1685"]
[BlackElo "2058"]
[PlyCount "116"]
[EventDate "2011.01.25"]
[EventType "swiss"]
[EventRounds "9"]
[EventCountry "NZL"]
[SourceTitle "CBM 140 Extra"]
[Source "ChessBase"]
[SourceDate "2011.03.01"]
[SourceVersion "1"]
[SourceVersionDate "2011.03.01"]
[SourceQuality "1"]

1. d4 Nf6 2. c4 c5 3. Nf3 g6 4. g3 Bg7 5. Bg2 0-0 6. 0-0 Qb6 7. Nc3 cxd4 8. Nxd4 Nc6 9. e3 d6 10. Qb3 Bd7 11. Qxb6 axb6 12. b3 Nxd4 13. exd4 Bc6 14. a4 Bxg2 15. Kxg2 d5 16. cxd5 Rfd8 17. Bb2 Nxd5 18. Nxd5 Rxd5 19. Rfd1 Rad8 20. Rac1 Bxd4 21. Bxd4 e5 22. Rc7 Rxd4 23. Re1 e4 24. Rxb7 R8d6 25. Re3 Rf6 26. Re7 Rd2 27. R7xe4 Rfxf2+ 28. Kg1 Rg2+ 29. Kh1 Rxh2+ 30. Kg1 Rdg2+ 31. Kf1 Rb2 32. Kg1 Rhc2 33. Rf4 Kg7 34. Rd3 h5 35. Re3 g5 36. Rff3 Kg6 37. Rd3 f6 38. Rde3 g4 39. Rf4 Kg5 40. Rd3 f5 41. Re3 h4 42. Re5 Rc1+ 43. Rf1 Rxf1+ 44. Kxf1 Rxb3 45. gxh4+ Kxh4 46. Rxf5 Rf3+ 47. Rxf3 gxf3 48. Kf2 Kg4 49. Kf1 Kf4 50. Kf2 Ke4 51. Kf1 Kd3 52. Kf2 Kc4 53. Kxf3 Kb4 54. Ke3 Kxa4 55. Kd2 Kb3 56. Kc1 b5 57. Kb1 b4 58. Ka1 Kc2 0-1

[Event "NZL-ch 118th"]
[Site "Auckland"]
[Date "2011.01.04"]
[Round "3"]
[White "Pinic, Noel"]
[Black "Gao, Hans"]
[Result "1/2-1/2"]
[WhiteElo "2058"]
[BlackElo "1859"]
[PlyCount "57"]
[EventDate "2011.01.02"]
[EventType "swiss"]
[EventRounds "11"]
[EventCountry "NZL"]
[SourceTitle "CBM 140 Extra"]
[Source "ChessBase"]
[SourceDate "2011.03.01"]
[SourceVersion "1"]
[SourceVersionDate "2011.03.01"]
[SourceQuality "1"]

1. e4 Nf6 2. e5 Nd5 3. c4 Nb6 4. d4 d6 5. exd6 cxd6 6. Nf3 g6 7. Be2 Bg7 8. Be3 Bg4 9. Nbd2 0-0 10. h3 Bxf3 11. Nxf3 Nc6 12. Qd2 Re8 13. 0-0 d5 14. b3 Qc7 15. c5 Nd7 16. Bb5 Rad8 17. Rac1 a6 18. Ba4 e5 19. dxe5 Ndxe5 20. Nd4 Nxd4 21. Bxd4 Nc6 22. Bxg7 Kxg7 23. Rfe1 Re4 24. f3 Re7 25. h4 h5 26. b4 Rde8 27. Bxc6 bxc6 28. Qd4+ f6 29. Kf2 1/2-1/2

[Event "NZL-ch 118th"]
[Site "Auckland"]
[Date "2011.01.02"]
[Round "1"]
[White "Pinic, Noel"]
[Black "Gao, Judy"]
[Result "1/2-1/2"]
[WhiteElo "2058"]
[BlackElo "1914"]
[PlyCount "65"]
[EventDate "2011.01.02"]
[EventType "swiss"]
[EventRounds "11"]
[EventCountry "NZL"]
[SourceTitle "CBM 140 Extra"]
[Source "ChessBase"]
[SourceDate "2011.03.01"]
[SourceVersion "1"]
[SourceVersionDate "2011.03.01"]
[SourceQuality "1"]

1. e4 c6 2. d4 d5 3. Nc3 dxe4 4. Nxe4 Bf5 5. Ng3 Bg6 6. Nf3 Nd7 7. Bc4 Qc7 8. Qe2 Ngf6 9. 0-0 Nd5 10. Ng5 h6 11. N5e4 e6 12. Bb3 Be7 13. c4 N5f6 14. Rd1 0-0 15. d5 exd5 16. cxd5 cxd5 17. Nc3 Rfe8 18. Nxd5 Nxd5 19. Bxd5 Nf6 20. Bb3 Bc5 21. Qf3 Qb6 22. Bf4 Re7 23. h4 Rae8 24. Ba4 Rc8 25. h5 Be4 26. Nxe4 Rxe4 27. Bb3 Bxf2+ 28. Qxf2 Qxf2+ 29. Kxf2 Rxf4+ 30. Kg1 Kf8 31. Rac1 Rxc1 32. Rxc1 Ne8 33. Bd5 1/2-1/2